Successful Leadership Development Program, (Record no. 5425)
[ view plain ]
| 005 - DATE AND TIME OF LATEST TRANSACTION | |
|---|---|
| control field | 20250626153342.0 |
| 020 ## - INTERNATIONAL STANDARD BOOK NUMBER | |
| International Standard Book Number | 13:978-0-7879-7908-9 |
| 082 ## - DEWEY DECIMAL CLASSIFICATION NUMBER | |
| Classification number | 658.4'092 BYR. |
| 100 ## - MAIN ENTRY--PERSONAL NAME | |
| Author name | BYRNE. C. J. |
| 245 ## - TITLE STATEMENT | |
| Title | Successful Leadership Development Program, |
| 260 ## - PUBLICATION, DISTRIBUTION, ETC. | |
| Place of publication, distribution, etc. | New York, |
| Name of publisher, distributor, etc. | John Wiley & Sons, INC. |
| Date of publication, distribution, etc. | 2006. |
| 300 ## - PHYSICAL DESCRIPTION | |
| Extent | xvi.; 184p. |
| Dimensions | 23cm. |
| 700 ## - ADDED ENTRY--PERSONAL NAME | |
| Other authors/Editors | REES. R. T. |
| 942 ## - ADDED ENTRY ELEMENTS (KOHA) | |
| Source of classification or shelving scheme | Dewey Decimal Classification |
| Koha item type | Books |
| Date last seen | Total checkouts | Full call number | Barcode | Cost, replacement price | Price effective from | Koha item type | Lost status | Source of classification or shelving scheme | Damaged status | Not for loan | Withdrawn status | Home library | Current library | Shelving location | Date acquired | Cost, normal purchase price |
|---|---|---|---|---|---|---|---|---|---|---|---|---|---|---|---|---|
| 06/26/2025 | 658.4'092BYR | DOM0002587 | 192000.00 | 06/26/2025 | Books | Dewey Decimal Classification | CBE Dodoma | CBE Dodoma | General Collection | 04/26/2010 | 64000.00 | |||||
| 06/26/2025 | 658.4'092BYR | DOM0002588 | 192000.00 | 06/26/2025 | Books | Dewey Decimal Classification | CBE Dodoma | CBE Dodoma | General Collection | 04/26/2010 | 64000.00 | |||||
| 06/26/2025 | 658.4'092BYR | DOM0002589 | 192000.00 | 06/26/2025 | Books | Dewey Decimal Classification | CBE Dodoma | CBE Dodoma | General Collection | 04/26/2010 | 64000.00 | |||||
| 06/26/2025 | 658.4'092BYR | DOM0002586 | 192000.00 | 06/26/2025 | Books | Dewey Decimal Classification | CBE Dodoma | CBE Dodoma | General Collection | 04/26/2010 | 64000.00 |
